Identify the Language By Text- Easier - Statistics

General Stats
  • This quiz has been taken 22 times
  • The average score is 11 of 15
Answer Stats
Hint Answer % Correct
Hello English
100%
Bonjour French
100%
Hola Spanish
95%
Hallo German
81%
Olá Portuguese
81%
Привет Russian
81%
مرحبًا Arabic
76%
Cześć Polish
76%
שלום Hebrew
67%
नमस्ते Hindi
67%
Привіт Ukrainian
67%
سلام Persian
52%
ہیلو Urdu
52%
Salve Latin
38%
Hei Finnish
24%
No matching quizzes found
Score Distribution
Percent of People with Each Score
Percentile by Number Answered
Your Score History
You have not taken this quiz